00269pam a2200121 a 4500020000500000041000800005082001300013100001900026245003100045260003200076300001900108653002000127 c aeng a823bSCO aScott, Walter. aIvanhoehTextual Documents aNoidabUBS Publishersc2004 axviii, 588 pg. aEnglish fiction